| 000 | 00753nam a2200277 a 4500 | ||
|---|---|---|---|
| 003 | AR-BaBNM | ||
| 005 | 20251128210951.0 | ||
| 008 | 082120s2002 ||||||||||||||000 | spa|| | ||
| 020 | _a0-521-40835-0 | ||
| 040 | _cAR-BaBNM | ||
| 100 | 1 | _aDoff, Adrian | |
| 245 | 1 | 0 |
_aLanguage in use _bpre-intermediate : classroom book A |
| 250 | _a3st ed. | ||
| 260 |
_aCambridge _bCambridge University Press _c1998 |
||
| 300 |
_a144 p. _bil., tablas |
||
| 650 | 4 | _aINGLES | |
| 650 | 4 | _aLENGUAS GERMANICAS | |
| 650 | 4 | _aENSEÑANZA DE IDIOMAS | |
| 650 | 4 | _aACTIVIDADES DE APRENDIZAJE | |
| 650 | 4 | _aGRAMATICA | |
| 650 | 4 | _aENSEÑANZA DEL VOCABULARIO | |
| 650 | 4 | _aVOCABULARIO | |
| 650 | 4 | _aLIBROS DE TEXTO | |
| 700 | 1 | _aJones, Christopher | |
| 942 | _cBK | ||
| 999 |
_c17677 _d17677 |
||